000 00772nam a2200265 a 4500
999 _c7770
_d7770
001 7770
003 BD-JhCC
005 20180418170721.0
008 951018s1994 ii b 001 0 eng d
020 _zRs395.00
_z812412384
035 _a(BD-JhCC)7770
040 _aBD-JhCC
_dBD-JhCC
041 _aeng
050 0 _aDS394.7
_bF67 1994
082 _a327.73
_bFOR 1984
245 0 0 _aForeign policy of Bangladesh :
_ba small state's imperative /
_cedited by Emajuddin Ahamed
260 _aNew Delhi :
_bUniversity Press Limited,
_cc1994
300 _a151 p. ;
_c22 cm
504 _aIncludes index and bibliography
650 _aInternation relations
651 0 _aBangladesh
_xForeign relations
700 1 _aAhamed, Emajuddin
942 _2ddc
_cBK